000 00957nam a2200241 i 4500
001 94209
003 ES-MaACL
005 20250604062625.0
007 t|
008 050706s1913 sp |||| | spa d
040 _cES-MaACL
080 _a94(460)"1902/31"
100 1 _aMoliner y Nicolás, Francisco,
_d1851-1915
_981984
_eaut
245 1 0 _aDe actualidad política :
_bimportantísima conferencia del Dr. Moliner en el Ateneo de Madrid el 27 de octubre de 1913 /
_c(editada por sus discípulos y con un prólogo de los mismos).
260 _aMadrid :
_b[s.n.],
_c1913
_f(Est. Tip. de Fortanet)
300 _a191 páginas ;
_c23 cm.
610 2 4 _aAteneo de Madrid-
_vConferencias-
_y1900-1939
_91907
651 4 _aEspaña-
_xHistoria-
_y1902-1931, Alfonso XIII
_98276
852 _aES-MaACL
_cDEPOF
_jT-1359-F-6
_xEnc. en un vol. facticio conservando cub. original
942 _cFOLLETOS
_n0
999 _c94209
_d94209